Vista normal
Vista MARC
Entrada Personal Name
Número de registros utilizados en: 3
001 - CONTROL NUMBER
- control field: 63832
003 - CONTROL NUMBER IDENTIFIER
- control field: OSt
005 - DATE AND TIME OF LATEST TRANSACTION
- control field: 20250827170847.0
008 - FIXED-LENGTH DATA ELEMENTS
- fixed length control field: 250827|| aca||aabn | a|a d
040 ## - CATALOGING SOURCE
- Original cataloging agency: OSt
- Transcribing agency: OSt
100 ## - HEADING--PERSONAL NAME
- Personal name: Alekos,
- Dates associated with a name: 1953-
- Fuller form of name: Alexis Forero Valderrama
670 ## - SOURCE DATA FOUND
- Source citation: Work cat.: (OSt)58702: Ruiz, Clarisa, 1959- aut, Los meses del año son... /